[Event "Haarlem Nova College op 1st"]
[Site "Haarlem"]
[Date "2002.07.07"]
[Round "6"]
[White "Eijsvogel, Boudewijn"]
[Black "Heijgen, Diederik"]
[Result "0-1"]
[WhiteElo "1703"]
[BlackElo "1480"]
[PlyCount "92"]
[EventDate "2002.07.05"]
[EventType "swiss"]
[EventRounds "6"]
[EventCountry "NED"]
[SourceTitle "CBM 089 Extra"]
[Source "ChessBase"]
[SourceDate "2002.09.10"]
[SourceVersion "2"]
[SourceVersionDate "2002.09.10"]
[SourceQuality "1"]

1. e4 c5 2. Nf3 Nc6 3. d4 cxd4 4. Nxd4 Nf6 5. Nc3 g6 6. Be3 Bg7 7. f3 d6 8. Qd2 0-0 9. g4 Nxd4 10. Bxd4 Be6 11. 0-0-0 Qa5 12. a3 Rfc8 13. h4 a6 14. h5 b5 15. h6 Bh8 16. g5 Ne8 17. Bxh8 Kxh8 18. f4 Kg8 19. Qd4 Rab8 20. Nd5 Bxd5 21. exd5 b4 22. Rh3 Qc7 23. Qd2 bxa3 24. Rxa3 Qb6 25. c3 a5 26. Re1 Rb7 27. Qc2 Rcb8 28. Ra2 Qc5 29. c4 Qd4 30. Qd2 Qxd2+ 31. Kxd2 Rxb2+ 32. Rxb2 Rxb2+ 33. Kc3 Rf2 34. Bd3 Rxf4 35. Rxe7 Kf8 36. Ra7 Rg4 37. Rxa5 Rxg5 38. Bc2 Rg3+ 39. Kd4 Rh3 40. c5 Rh4+ 41. Ke3 dxc5 42. Rxc5 Nd6 43. Rc7 Rxh6 44. Rd7 Nf5+ 45. Kf4 Rh4+ 46. Kg5 Kg7 0-1

[Event "Haarlem Nova College op 1st"]
[Site "Haarlem"]
[Date "2002.07.06"]
[Round "2"]
[White "De Bode, Christian"]
[Black "Heijgen, Diederik"]
[Result "1/2-1/2"]
[WhiteElo "1809"]
[BlackElo "1480"]
[PlyCount "92"]
[EventDate "2002.07.05"]
[EventType "swiss"]
[EventRounds "6"]
[EventCountry "NED"]
[SourceTitle "CBM 089 Extra"]
[Source "ChessBase"]
[SourceDate "2002.09.10"]
[SourceVersion "2"]
[SourceVersionDate "2002.09.10"]
[SourceQuality "1"]

1. d4 d5 2. c4 c6 3. Nc3 Nf6 4. cxd5 cxd5 5. Bg5 e6 6. Nf3 Nc6 7. e3 Bb4 8. Bxf6 Qxf6 9. a3 Bxc3+ 10. bxc3 0-0 11. Bd3 b6 12. Qc2 h6 13. e4 dxe4 14. Bxe4 Bb7 15. 0-0 Rfc8 16. Rfd1 Na5 17. Bxb7 Nxb7 18. c4 Na5 19. c5 bxc5 20. dxc5 Nc6 21. Rac1 Rab8 22. Qc3 Qxc3 23. Rxc3 Rd8 24. Rxd8+ Rxd8 25. Kf1 Kf8 26. Ke2 Ke7 27. Ke3 e5 28. Rd3 Ke6 29. Nd2 Rxd3+ 30. Kxd3 Kd5 31. Nb3 Nd4 32. Nxd4 exd4 33. c6 Kxc6 34. Kxd4 Kb5 35. Kc3 f6 36. Kb3 Kc5 37. Ka4 Kb6 38. Kb4 g6 39. a4 h5 40. f4 g5 41. f5 h4 42. h3 a6 43. Kc4 Kc6 44. Kd4 Kd6 45. Ke4 Kc6 46. Kd4 Kd6 1/2-1/2